000 00855cam a22002174a 4500
005 20250605164249.0
008 250528s ||||||||||||||||||||||||d
035 _a21644
020 _a9780273651536
040 _aGR-AtMCL
_bgre
_dGR-AtMCL
_eAACR2
245 1 _aORGANISATIONAL CHANGE
250 _a2
260 _bPrentice Hall,
_c2002
300 _a372
505 0 _aORGANISATIONS AND THEIR CHANGING ENVIRONMENTS THE NATURE OF ORGANISATIONAL CHANGE ORGANISATIONAL STRUCTURE AND CHANGE CULTURES FOR CHANGE THE POLITICS OF CHANGE THE LEADERSHIP OF CHANGE
520 _aORGANISATIONS AND THEIR CHANGING ENVIRONMENTS THE NATURE OF ORGANISATIONAL CHANGE ORGANISATIONAL STRUCTURE AND CHANGE CULTURES FOR CHANGE THE POLITICS OF CHANGE THE LEADERSHIP OF CHANGE
700 1 _aSenior Barbara
_97583
942 _cBK
999 _c6705
_d6705